| 000 | 00539nam a2200193Ia 4500 | ||
|---|---|---|---|
| 003 | IN-BaIIA | ||
| 008 | 211028s9999 xx 000 0 eng d | ||
| 020 | _a0-8247-9742-6 | ||
| 040 | _cIIA Library | ||
| 080 |
_a539.1 _bROB |
||
| 100 |
_aRobinson, J. W _922023 |
||
| 245 | 0 |
_aAtomic spectroscopy _cJ. W. Robinson |
|
| 250 | _a2nd ed. | ||
| 260 |
_aNew York _bMarcel Dekker _c1996 |
||
| 300 | _aviii, 391p. | ||
| 650 |
_aAtomic physics _91547 |
||
| 650 |
_aSpectroscopy _91535 |
||
| 942 | _cBK | ||
| 999 |
_c12568 _d12568 |
||